MAASAI MARA UNIVERSITY

LIBRARY CATALOGUE

Contact Us: +254 020 2685356/7 or 0774 057787

Box: 861-20500, NAROK, KENYA

Email: info@mmarau.ac.ke

Your best life now study guide : (Record no. 31732)

MARC details
000 -LEADER
fixed length control field 01016nam a22002897a 4500
001 - CONTROL NUMBER
control field 13940832
003 - CONTROL NUMBER IDENTIFIER
control field OSt
005 - DATE AND TIME OF LATEST TRANSACTION
control field 20190711093922.0
008 - FIXED-LENGTH DATA ELEMENTS--GENERAL INFORMATION
fixed length control field 190711b ||||| |||| 00| 0 eng d
020 ## - INTERNATIONAL STANDARD BOOK NUMBER
International Standard Book Number 9780340964514(pbk.)
035 ## - SYSTEM CONTROL NUMBER
System control number (OCoLC)ocm61669026
040 ## - CATALOGING SOURCE
Original cataloging agency MMU
Transcribing agency MMU
Modifying agency MMU
Language of cataloging eng
042 ## - AUTHENTICATION CODE
Authentication code lccopycat
050 00 - LIBRARY OF CONGRESS CALL NUMBER
Classification number BV4598.2
Item number .O88 2008
082 04 - DEWEY DECIMAL CLASSIFICATION NUMBER
Classification number 248.4/076
Edition number 22
100 1# - MAIN ENTRY--PERSONAL NAME
Personal name Osteen, Joel.
245 10 - TITLE STATEMENT
Title Your best life now study guide :
Remainder of title 7 steps to reaching your full potential /
Statement of responsibility, etc. Joel Osteen.
246 30 - VARYING FORM OF TITLE
Title proper/short title 7 steps to reaching your full potential
246 3# - VARYING FORM OF TITLE
Title proper/short title Seven steps to reaching your full potential
260 ## - PUBLICATION, DISTRIBUTION, ETC. (IMPRINT)
Place of publication, distribution, etc. New York :
Name of publisher, distributor, etc. Warner Faith,
Date of publication, distribution, etc. c2005.
300 ## - PHYSICAL DESCRIPTION
Extent 417 p. ;
Dimensions 23 cm.
500 ## - GENERAL NOTE
General note Based on: Your best life now. New York : Warner Books, 2004.
650 #0 - SUBJECT ADDED ENTRY--TOPICAL TERM
Topical term or geographic name as entry element Self-actualization (Psychology)
General subdivision Religious aspects
-- Christianity.
650 #0 - SUBJECT ADDED ENTRY--TOPICAL TERM
Topical term or geographic name as entry element Self realization
General subdivision Religious aspects
-- Christianity.
700 1# - ADDED ENTRY--PERSONAL NAME
Personal name Osteen, Joel.
Title of a work Your best life now.
942 ## - ADDED ENTRY ELEMENTS (KOHA)
Source of classification or shelving scheme Library of Congress Classification
Koha item type L
Holdings
Withdrawn status Lost status Source of classification or shelving scheme Damaged status Not for loan Home library Current library Date acquired Source of acquisition Total Checkouts Full call number Barcode Date last seen Date last checked out Price effective from Koha item type
    Library of Congress Classification     Maasai Mara University Library -Main Campus Maasai Mara University Library -Main Campus 07/11/2019 Donation-Book harvest 6 BV4598.2 .O88 2008 17037757 02/13/2025 01/30/2025 07/11/2019 L
© 2016 Maasai Mara University.